• 首页
  • 本馆介绍
  • 公告通知
  • 最新文献
  • 馆藏检索
  • 电子资源
  • 读者导购
  • 参考咨询
  • 我的图书馆
  • 登录
  • 详细信息显示
  • 放入我的书架
  • 预约/预借图书
  • 作者相关作品
  • 分类相关作品
  • 丛书相关作品
  • 出版社相关作品

书目信息

  • 表格格式
  • 工作单格式
  • 卡片格式
题名:
法拉第
    
 
作者: 秦关根 著
分册:  
出版信息: 北京   中国青年出版社  1982
页数: 267页
开本: 19cm
丛书名:
单 册:
中图分类: K835.616.1
科图分类:
主题词: 历史 , 地理
电子资源:
ISBN:
000 00607nam0 2200241 45
001 0182000816
005 20060722090921.53
010    @dCNY0.76
091    @a11009.115
100    @a19950517d1982 em y0chiy0121 ea
101 0  @achi
102    @aCN@b110000
105    @af z 000fb
200 10 @a法拉第@Afa la di@f秦关根著
210    @a北京@c中国青年出版社@d1982
215    @a267页@c插图@d19cm
606 0  @a历史
606 0  @a地理
690    @aK835.616.1
701  0 @a秦关根@Aqin guan gen@4著
801  2 @aCN@bNLC@c20060722
801  0 @aCN@b上海图书馆@c20040511
905    @f1@b169142@dK835.616.1@e159
    
    法拉第/秦关根著.-北京:中国青年出版社,1982
    267页:插图;19cm
    
    
    ISBN :CNY0.76
    
●
相关链接 在E读中查询图书 在五车中查询图书 在当当中查询图书 在豆瓣中查询图书


正题名:法拉第     索取号:K835.616.1/159         预约/预借

序号 登录号 条形码 馆藏地/架位号 状态 备注
1 0169142   001543495   密集书库/ [索取号:K835.616.1/159] 在馆    
2 0169143   001543459   第二样本阅览室/ [索取号:K835.616.1/159] 在馆    
3 0276985   202184830   密集书库/ [索取号:K835.616.1/159] 在馆    
4 0435479   204354796   密集书库/ [索取号:K835.616.1/159] 在馆    
5 0435480   204354803   密集书库/ [索取号:K835.616.1/159] 在馆    
唐山师范学院图书馆 欢迎您!
大连网信软件有限公司© 版权所有